000 00276nam a2200121 i 4500
001 bg
245 0 _aJazyki programmirowanija /
_cp.red. F. Genuysa.
260 _aMoskwa,
_c1972.
040 _cBPK
041 _apol
942 _cKS
008 s pl f |000 0 pol
999 _c15207
_d15207
856 _uhttp://koha.tu.koszalin.pl/cgi-bin/koha/opac-detail.pl?biblionumber=15207
_yKatalog online BPK